| 000 | 00633nam a2200241Ia 4500 | ||
|---|---|---|---|
| 003 | BUBTL | ||
| 008 | 151213s9999 xx 000 0 und d | ||
| 020 | _a0195603753 | ||
| 041 | _aEnglish | ||
| 082 | _a340.59/ F999o/ 1974 | ||
| 100 |
_aFyzee, Asaf A. A. _94511 |
||
| 245 |
_aOutlines of Muhammadan Law : _cAsaf A. A. Fyzee |
||
| 250 | _a4th ed. | ||
| 260 |
_aDelhi _bOxford University _cc1974 |
||
| 300 |
_a[xix], 520p. : _b21cm |
||
| 500 | _aIncludes Index | ||
| 526 | _aLaw | ||
| 650 | _aLaw | ||
| 700 |
_aAsaf A. A.Fyzee _94512 |
||
| 856 |
_k0 _l0 _yDownload |
||
| 942 |
_2ddc _cBK |
||
| 999 |
_c2459 _d2459 |
||